Manual de derecho político
I tiakina i:
| Kaituhi matua: | |
|---|---|
| Hōputu: | Pukapuka |
| Reo: | Pāniora |
| I whakaputaina: |
Madrid
Tecnos
1987
|
| Ngā marau: | |
| Ngā Tūtohu: |
Tāpirihia he Tūtohu
Kāore He Tūtohu, Me noho koe te mea tuatahi ki te tūtohu i tēnei pūkete!
|
MARC
| LEADER | 00000nam a2200000 a 4500 | ||
|---|---|---|---|
| 001 | UCV1262 | ||
| 003 | CL-VaPUC | ||
| 008 | 900323e19870000SP |||||||||||||||||spa|d | ||
| 082 | 0 | 4 | |a 320 |b LUC |2 21 |
| 100 | |a Lucas Verdú, Pablo |e autor |9 393280 | ||
| 245 | 1 | 0 | |a Manual de derecho político |
| 300 | |a v | ||
| 942 | |c BK | ||
| 945 | |d 19900323 00:00:00 | ||
| 260 | |a Madrid |b Tecnos |c 1987 | ||
| 500 | |a v.1: Introducción y Teoría del Estado | ||
| 650 | 0 | |a Estado |9 255503 | |
| 583 | |a last modification |c 19900323 00:00:00 |k Rodrigo Vera | ||
| 999 | |c 209256 |d 209254 | ||
| 952 | |0 0 |1 0 |4 0 |6 320_000000000000000_LUC_1987 |7 0 |8 A |9 184572 |a BIBDER |b BIBDER |d 2019-11-14 |h v.1 |i 2518759 |o 320 LUC 1987 |p 2518759 |r 2023-01-25 |w 2019-11-14 |y BK |k DER | ||